Most popular baby names in Bosnia - Statistics

General Stats
  • This quiz has been taken 241 times
  • The average score is 2 of 10
Answer Stats
Gender Answer % Correct
Boy Amar
50%
Girl Amina
42%
Girl Sara
37%
Boy Ahmed
25%
Boy Adin
13%
Girl Merjem
7%
Girl Esma
6%
Girl Asja
5%
Boy Davud
3%
Boy Daris
2%
No matching quizzes found
Score Distribution
Percent of People with Each Score
Percentile by Number Answered
Your Score History
You have not taken this quiz